Hearts2Hearts Discography - Statistics

General Stats
  • This quiz has been taken 76 times
  • The average score is 7 of 8
Answer Stats
Answer % Correct
Focus
100%
The Chase
100%
Apple Pie
87%
Butterflies
84%
Style
82%
Pretty Please
77%
Blue Moon
64%
Flutter
62%
No matching quizzes found
Score Distribution
Percent of People with Each Score
Percentile by Number Answered
Your Score History
You have not taken this quiz